Honesty My Islamic Values (Record no. 586456)

000 -LEADER
fixed length control field 00286nam a22001217a 4500
020 ## - INTERNATIONAL STANDARD BOOK NUMBER
International Standard Book Number 9789696650515
040 ## - CATALOGING SOURCE
Transcribing agency NUST
082 ## - DEWEY DECIMAL CLASSIFICATION NUMBER
Classification number 297
Author Mark MUB
100 ## - MAIN ENTRY--PERSONAL NAME
Personal name Mubeshra Paracha
9 (RLIN) 82397
245 ## - TITLE STATEMENT
Title Honesty My Islamic Values
260 ## - PUBLICATION, DISTRIBUTION, ETC.
Place of publication, distribution, etc. Lahore:
Name of publisher, distributor, etc. Maqbool Books,
Date of publication, distribution, etc. 2020.
942 ## - ADDED ENTRY ELEMENTS (KOHA)
Source of classification or shelving scheme
Koha item type Book
Holdings
Withdrawn status Lost status Source of classification or shelving scheme Damaged status Not for loan Permanent Location Current Location Shelving location Date acquired Total Checkouts Full call number Barcode Date last seen Price effective from Koha item type
          College of Electrical & Mechanical Engineering (CEME) College of Electrical & Mechanical Engineering (CEME) General Stacks 09/13/2021   297 MUB CEME-50755 09/13/2021 09/13/2021 Book
© 2023 Central Library, National University of Sciences and Technology. All Rights Reserved.